[Event "Cto Equipos Aragon 2012 Div. Honor A "]
[Site "Aragon"]
[Date "2012.03.03"]
[Round "5.5"]
[White "Llorente Zaro Alfonso"]
[Black "Del Rey Diego"]
[Result "1-0"]
[WhiteElo "2445"]
[BlackElo "2371"]

1.e4 c5 2.Nc3 Nc6 3.Bb5 Nd4 4.Bc4 e6 5.Nf3 Nf6 6.O-O d5 7.exd5 exd5 8.Nxd4
dxc4 9.Nf3 Bd6 10.Re1+ Be6 11.Ng5 O-O 12.Nxe6 fxe6 13.Qe2 b5 14.Nxb5 Bxh2+ 15.
Kxh2 Qb8+ 16.Kg1 Qxb5 17.b3 Rae8 18.Qxc4 Qd7 19.Bb2 Nd5 20.Re4 Rf5 21.Rae1 Qf7
22.Re5 h5 23.Rxf5 Qxf5 24.Re5 Qf7 25.Rg5 g6 26.Qe4 Ne7 27.Rxc5 Nf5 28.Qe5 1-0

[Event "Cto Equipos Aragon 2012 Div. Honor A "]
[Site "Aragon"]
[Date "2012.03.03"]
[Round "5.6"]
[White "Chueca Forcen Alberto"]
[Black "Ramon Perez Jose Luis"]
[Result "0-1"]
[WhiteElo "2350"]
[BlackElo "2234"]

1.d4 Nf6 2.c4 c5 3.d5 b5 4.cxb5 a6 5.b6 Qxb6 6.Nc3 g6 7.e4 d6 8.Be2 Bg7 9.Nf3
O-O 10.Nd2 Nbd7 11.O-O Qc7 12.a4 Bb7 13.a5 e6 14.Nc4 Nxe4 15.Nxe4 exd5 16.
Nexd6 dxc4 17.Bf3 0-1

[Event "Cto Equipos Aragon 2012 Div. Honor A "]
[Site "Aragon"]
[Date "2012.03.03"]
[Round "5.7"]
[White "Remiro Juste Fernando Jose"]
[Black "Melendez Fierro Juan Bautista"]
[Result "1-0"]
[WhiteElo "2219"]
[BlackElo "2208"]

1.d4 e6 2.Nf3 f5 3.e3 Nf6 4.Bd3 d5 5.O-O Bd6 6.b3 Qe7 7.Bb2 O-O 8.c4 c6 9.Qc1
Nbd7 10.cxd5 cxd5 11.Ba3 Ne4 12.Bxd6 Qxd6 13.Qa3 Ndf6 14.Bxe4 Nxe4 15.Qxd6
Nxd6 16.Ne5 b6 17.Nd2 Bb7 18.Rfc1 Rfc8 19.h3 Kf8 20.g4 fxg4 21.hxg4 Rxc1+ 22.
Rxc1 Rc8 23.Rxc8+ Bxc8 24.f3 Nf7 25.Nxf7 Kxf7 26.f4 e5 27.dxe5 Bxg4 28.b4 a5
29.bxa5 bxa5 30.Nb3 a4 31.Nd4 Bd1 32.a3 h6 33.Kf2 g5 34.Nf5 gxf4 35.exf4 h5
36.Kg3 Bg4 37.Nh6+ Ke6 38.Nxg4 1-0

[Event "Cto Equipos Aragon 2012 Div. Honor A "]
[Site "Aragon"]
[Date "2012.03.03"]
[Round "5.8"]
[White "Palacios Latasa Elias"]
[Black "Mimbela Lopez Miguel A"]
[Result "1-0"]
[WhiteElo "2211"]
[BlackElo "2178"]

1.e4 e5 2.Nc3 Nf6 3.Bc4 Nxe4 4.Qh5 Nd6 5.Bb3 Be7 6.Nf3 O-O 7.h4 Nc6 8.Ng5 h6
9.Qg6 Bxg5 10.hxg5 Qxg5 11.Qxg5 hxg5 12.d3 Nd4 13.Nd5 N6f5 14.Bxg5 Nxb3 15.
Nf6+ gxf6 16.Bxf6 Ng7 17.axb3 d5 18.Kd2 Bg4 19.Rh4 Nh5 20.Rxg4+ 1-0

[Event "Cto Equipos Aragon 2012 Div. Honor A "]
[Site "Aragon"]
[Date "2012.03.03"]
[Round "5.9"]
[White "Llanes Luno Ricardo"]
[Black "Hefty Hilardo Jorge W"]
[Result "0-1"]
[WhiteElo "2203"]
[BlackElo "2329"]

1.e4 c5 2.Nf3 e6 3.d4 cxd4 4.Nxd4 Bc5 5.Nb3 Bb6 6.Nc3 Ne7 7.g3 O-O 8.Bg2 Nbc6
9.Bf4 e5 10.Bg5 f6 11.Be3 Bxe3 12.fxe3 d6 13.Qd2 Be6 14.O-O Qd7 15.Rad1 Rad8
16.Nd5 Bg4 17.Bf3 Bh3 18.Rf2 Nxd5 19.Qxd5+ Be6 20.Qb5 Qc7 21.Nc1 a6 22.Qe2 Ne7
23.b3 b5 24.a4 Qb6 25.axb5 axb5 26.Nd3 d5 27.exd5 Nxd5 28.Bxd5 Rxd5 29.b4 Rfd8
30.Ra1 Bc8 31.Nc5 Bh3 32.Qh5 Bc8 33.Qe2 Qc6 34.e4 Rd4 35.c3 R4d6 36.Ra5 Rd1+
37.Kg2 Rc1 38.Qxb5 Qxb5 39.Rxb5 Rxc3 40.Rb2 Bg4 41.Rb7 h5 42.Rf2 h4 43.Na4 Ra3
44.Nb2 h3+ 45.Kg1 Ra1+ 46.Rf1 Ra2 47.Rf2 Ra1+ 48.Rf1 Rxf1+ 49.Kxf1 Rd2 50.Nc4
Rxh2 51.Ne3 Be6 52.Rc7 Rb2 53.Rc2 Rxb4 0-1

[Event "Cto Equipos Aragon 2012 Div. Honor A "]
[Site "Aragon"]
[Date "2012.03.03"]
[Round "5.10"]
[White "Martinez Cebolla Alberto"]
[Black "Lamas Mercadal Manuel"]
[Result "0-1"]
[WhiteElo "2081"]
[BlackElo "2202"]

1.d4 Nf6 2.c4 g6 3.Nc3 Bg7 4.e4 d6 5.Nf3 O-O 6.Be2 Nbd7 7.O-O e5 8.Re1 Re8 9.
Bf1 exd4 10.Nxd4 Nc5 11.f3 a5 12.Ndb5 Nh5 13.Be3 Ne6 14.Qd2 Be5 15.g3 c6 16.
Nd4 Nxd4 17.Bxd4 Qf6 18.Bxe5 dxe5 19.Qe3 Ng7 20.Bg2 Ne6 21.Ne2 c5 22.Rf1 Nd4
23.Nxd4 cxd4 24.Qd3 Qe7 25.f4 f6 26.Rf2 Bd7 27.Raf1 Rf8 28.fxe5 fxe5 29.Rxf8+
Rxf8 30.Rxf8+ Qxf8 31.Qd2 Qd8 32.Qh6 Be6 33.b3 d3 34.Qd2 Qd4+ 35.Kf1 b6 36.a4
Bg4 0-1

[Event "Cto Equipos Aragon 2012 Div. Honor A "]
[Site "Aragon"]
[Date "2012.03.03"]
[Round "5.11"]
[White "Llanes Luno Pedro Alfredo"]
[Black "Garcia Monterde Francisco Jose"]
[Result "0-1"]
[WhiteElo "2148"]
[BlackElo "2013"]

1.e4 c5 2.Nf3 e6 3.d4 cxd4 4.Nxd4 Bc5 5.Nb3 Bb6 6.c4 Nc6 7.Nc3 a6 8.Bf4 Nge7
9.Bd3 O-O 10.Qh5 Ng6 11.Bd6 Qf6 12.c5 Nce5 13.O-O-O Ba7 14.g3 Re8 15.f4 Nxd3+
16.Rxd3 b6 17.cxb6 Bxb6 18.Na4 Qd8 19.Nxb6 Qxb6 20.Qa5 Qc6+ 21.Nc5 f5 22.Re1
fxe4 23.Rxe4 Ne7 24.Qa4 Bb7 25.Rb4 Ra7 26.Qxc6 Bxc6 27.Bxe7 Rxe7 28.Rb8+ Kf7
29.Ra3 a5 30.b4 d6 31.Nb3 axb4 32.Rxa7 Rxa7 33.Kb2 Rb7 34.Rd8 Bd7 35.Na5 Rc7
36.Rb8 e5 37.Rxb4 Be6 38.Nb7 Ke7 39.a4 Bd5 40.Na5 Ke6 41.Nb3 Bxb3 42.Kxb3 d5
43.Rb6+ Kf5 44.fxe5 Kxe5 45.Rb8 d4 46.Re8+ Kd5 47.Rd8+ Ke4 48.Re8+ Kf3 49.Rd8
Ke3 50.Re8+ Kd2 51.a5 d3 52.a6 Kd1 53.Kb2 d2 54.Re5 Rc2+ 55.Kb1 Rc6 56.a7 Rb6+
57.Ka2 Ra6+ 58.Kb3 Rxa7 59.Kb2 Rb7+ 0-1

[Event "Cto Equipos Aragon 2012 Div. Honor A "]
[Site "Aragon"]
[Date "2012.03.03"]
[Round "5.12"]
[White "Jimenez Fernandez Alejandro"]
[Black "Roche Simon Manuel Angel"]
[Result "0-1"]
[WhiteElo "1980"]
[BlackElo "2134"]

1.d4 d5 2.c4 e6 3.Nc3 Nf6 4.cxd5 exd5 5.Bg5 c6 6.Qc2 Nbd7 7.e3 Be7 8.Bd3 O-O
9.Nf3 Re8 10.O-O Nf8 11.Rab1 g6 12.b4 a6 13.a4 Ne6 14.Bh4 a5 15.bxa5 Rxa5 16.
Nd2 Ng7 17.Nb3 Ra7 18.Bg3 Nf5 19.a5 Nxg3 20.hxg3 Bb4 21.a6 bxa6 22.Na2 Ba3 23.
Qxc6 Bd7 24.Qc3 Bb5 25.Nbc1 Bxd3 26.Nxd3 Bd6 27.Qb3 a5 28.Nc3 Ne4 29.Nxe4 dxe4
30.Nb2 h5 31.Nc4 Bc7 32.Qa4 Re6 33.Rb5 h4 34.g4 h3 35.g3 Qf6 36.Nd2 Ra8 37.Qc2
Bd6 38.g5 Qe7 39.Kh2 Bb4 40.Nc4 Qd7 41.Re5 Rxe5 42.Nxe5 Qf5 43.g4 Qxg5 44.Qxe4
Rf8 45.Kxh3 Kg7 46.Qf4 Qxf4 47.exf4 Rd8 48.Rd1 Bd6 49.Ra1 Ra8 50.Nc4 Bb4 51.
Kg3 Rd8 52.Nxa5 Rxd4 53.Nc6 Rd3+ 54.f3 Bd6 55.Ne5 Rd5 56.Re1 g5 57.fxg5 Bxe5+
58.f4 Rd3+ 59.Kh4 Bxf4 60.Rf1 Rd4 61.Rf3 Kg6 62.Ra3 Rd2 63.Ra6+ Kg7 0-1

[Event "Cto Equipos Aragon 2012 Div. Honor A "]
[Site "Aragon"]
[Date "2012.03.03"]
[Round "5.13"]
[White "Laliena Solanes Luis"]
[Black "Adla Diego"]
[Result "1-0"]
[WhiteElo "2181"]
[BlackElo "2499"]

1.d4 d5 2.c4 c6 3.Nf3 Nf6 4.Nbd2 Bf5 5.Nh4 Bg4 6.h3 Bh5 7.g4 Bg6 8.Nxg6 hxg6
9.Bg2 e6 10.e4 dxe4 11.Nxe4 Nxe4 12.Bxe4 Bb4+ 13.Kf1 Bd6 14.Be3 Nd7 15.Qd2 Qc7
16.c5 Be7 17.Bf4 Qd8 18.b4 g5 19.Bg3 a5 20.Kg2 axb4 21.Qxb4 Ra7 22.Qc4 O-O 23.
Rab1 Qa8 24.h4 gxh4 25.Bxh4 Re8 26.Bxe7 Rxe7 27.Qd3 Ra3 28.Rb3 Rxb3 29.axb3
Re8 30.b4 Qb8 31.b5 Qf4 32.Qf3 Qxf3+ 33.Kxf3 Nf6 34.bxc6 Nxe4 35.cxb7 Nc3 36.
Ra1 1-0

[Event "Cto Equipos Aragon 2012 Div. Honor A "]
[Site "Aragon"]
[Date "2012.03.03"]
[Round "5.15"]
[White "Cobo Garrido Diego Israel"]
[Black "Lopez Gracia Fernando"]
[Result "0-1"]
[WhiteElo "2049"]
[BlackElo "2336"]

1.e4 c5 2.Nf3 e6 3.d4 cxd4 4.Nxd4 Nc6 5.Nxc6 bxc6 6.Bd3 d5 7.O-O Nf6 8.Nd2 Be7
9.c3 O-O 10.e5 Nd7 11.Nf3 Nc5 12.Bc2 f5 13.exf6 Bxf6 14.Be3 Qd6 15.Ng5 Bxg5
16.Bxg5 e5 17.Qh5 Bf5 18.Be7 Qxe7 19.Bxf5 h6 20.Rae1 e4 21.Qg6 Rf6 22.Qh7+ Kf7
23.f3 Nd3 24.Bg6+ Ke6 25.Bxe4 Qc5+ 26.Kh1 Nf2+ 27.Rxf2 Qxf2 28.Bxd5+ Kd6 29.
Qe4 cxd5 30.Qe7+ Kc6 31.b4 Rc8 32.a4 Rc7 33.Qe8+ Kb7 34.a5 Rfc6 35.b5 Qxe1+
36.Qxe1 Rxc3 37.a6+ Ka8 0-1

[Event "Cto Equipos Aragon 2012 Div. Honor A "]
[Site "Aragon"]
[Date "2012.03.03"]
[Round "5.16"]
[White "Moreno Gracia Daniel"]
[Black "Ferrer Echavarri Fco Javier"]
[Result "1-0"]
[WhiteElo "2322"]
[BlackElo "1948"]

1.c4 e5 2.Nc3 Nc6 3.g3 f5 4.Bg2 Nf6 5.d3 Bb4 6.Bd2 O-O 7.Nf3 d6 8.O-O Bxc3 9.
Bxc3 Qe7 10.b4 Nd8 11.a4 c6 12.b5 Bd7 13.Qb3 Nf7 14.Rfe1 Rab8 15.e4 fxe4 16.
dxe4 Bg4 17.c5 Kh8 18.cxd6 Qxd6 19.Nh4 Ng5 20.Rac1 Rbc8 21.Nf5 Qc7 22.Bb4
Nfxe4 23.Bxf8 Nd2 24.Qe3 Ngf3+ 25.Bxf3 Nxf3+ 26.Qxf3 Bxf3 27.Bxg7+ Kg8 28.Bxe5
Qd7 29.Nh6+ Kf8 30.Rc4 Qh3 31.Rf4+ Ke8 32.Rxf3 cxb5 33.axb5 Rc2 34.Bf4+ Kf8
35.Be5+ Ke8 36.Bb8+ 1-0

[Event "Cto Equipos Aragon 2012 Div. Honor B "]
[Site "Aragon"]
[Date "2012.03.03"]
[Round "5.17"]
[White "Colas Longares Rafael P"]
[Black "Antoli Royo Joaquin Miguel"]
[Result "1-0"]
[WhiteElo "2321"]
[BlackElo "2410"]

1.e4 c5 2.Nc3 Nc6 3.Bb5 e6 4.Bxc6 bxc6 5.d3 e5 6.f4 exf4 7.Bxf4 d6 8.Nf3 Ne7
9.O-O Ng6 10.Bg3 Be7 11.d4 d5 12.exd5 cxd5 13.dxc5 Bxc5+ 14.Bf2 Bxf2+ 15.Rxf2
Be6 16.Qd4 O-O 17.Rd1 Ne7 18.Rfd2 Qa5 19.Qh4 Nf5 20.Qf2 Nd6 21.Ng5 Nc4 22.Rxd5
Bxd5 23.Nxd5 Ne5 24.Qf5 1-0

[Event "Cto Equipos Aragon 2012 Div. Honor B "]
[Site "Aragon"]
[Date "2012.03.03"]
[Round "5.18"]
[White "Garza Marco Sergio"]
[Black "Garcia Vicente Nieves"]
[Result "1-0"]
[WhiteElo "2394"]
[BlackElo "2198"]

1.d4 Nf6 2.c4 e6 3.Nc3 Bb4 4.Qc2 d5 5.a3 Bxc3+ 6.Qxc3 Ne4 7.Qc2 b6 8.cxd5 exd5
9.Bf4 Nd6 10.Rc1 c6 11.e3 Bf5 12.Qb3 a5 13.Bxd6 Qxd6 14.Qxb6 Nd7 15.Qxc6 Qxc6
16.Rxc6 Ke7 17.Ne2 Rhb8 18.Nc3 Rxb2 19.Bb5 Nf6 20.O-O Bd7 21.Rc5 Rc8 22.Rxc8
Bxc8 23.Rc1 Bf5 24.f3 Kd6 25.Ba4 Bd3 26.h3 g5 27.Rd1 Bc4 28.Rb1 Rxb1+ 29.Nxb1
Nd7 30.Bxd7 Kxd7 31.e4 Ke6 32.Nd2 Bd3 33.Kf2 Bc2 34.Ke3 f6 35.Nf1 f5 36.Kd2
Ba4 37.Ng3 f4 38.Ne2 dxe4 39.fxe4 Bb5 40.Ke1 Bd3 41.Nc3 h5 42.Kf2 g4 43.h4 Kd6
44.Nd5 Bxe4 45.Nxf4 Bc6 46.Nxh5 Kd5 47.Ke3 Kc4 48.Nf6 Bxg2 49.h5 Bf1 50.d5 Kc5
51.h6 1-0

[Event "Cto Equipos Aragon 2012 Div. Honor B "]
[Site "Aragon"]
[Date "2012.03.03"]
[Round "5.19"]
[White "Ferrer Serrano Roberto"]
[Black "Fontana Sotomayor Luis Javier"]
[Result "1-0"]
[WhiteElo "2138"]
[BlackElo "2345"]

1.d4 Nf6 2.c4 c5 3.d5 e6 4.Nc3 exd5 5.cxd5 d6 6.e4 g6 7.Bf4 a6 8.a4 Bg7 9.Be2
O-O 10.Nf3 Bg4 11.Nd2 Bxe2 12.Qxe2 Nh5 13.Be3 Nd7 14.O-O Re8 15.Rad1 Qe7 16.
Rfe1 Qf8 17.Kh1 Be5 18.Qf3 Bg7 19.Nc4 Ne5 20.Nxe5 Bxe5 21.g4 Nf6 22.Bg5 Nd7
23.Qh3 f6 24.Bc1 Bd4 25.Qg2 Qe7 26.f3 Qd8 27.Ne2 Qa5 28.Nxd4 cxd4 29.Qg3 Ne5
30.f4 Nf7 31.Rxd4 Rac8 32.Bd2 Qb6 33.Bc3 Qb3 34.Rb4 Qc2 35.Qe3 a5 36.Rxb7 Rc4
37.Qe2 Qxe4+ 38.Qxe4 Rcxe4 39.Rxe4 Rxe4 40.Rb8+ Kg7 41.g5 Rxf4 42.Bxf6+ Rxf6
43.gxf6+ Kxf6 44.b4 1-0

[Event "Cto Equipos Aragon 2012 Div. Honor B "]
[Site "Aragon"]
[Date "2012.03.03"]
[Round "5.21"]
[White "Romon Poves Raul"]
[Black "Martinez Catalan Fco  Javier"]
[Result "1/2-1/2"]
[WhiteElo "2296"]
[BlackElo "2245"]

1.e4 e6 2.d3 d5 3.Qe2 dxe4 4.dxe4 e5 5.Nf3 Nc6 6.g3 Nf6 7.Bg2 Bc5 8.O-O O-O 9.
Rd1 Qe7 10.Nc3 Bg4 11.Bg5 Nd4 12.Qd3 c6 13.Nxd4 Bxd4 14.Bf3 Rfd8 15.Qe2 Be6
16.Rd2 b5 1/2-1/2

[Event "Cto Equipos Aragon 2012 Div. Honor B "]
[Site "Aragon"]
[Date "2012.03.03"]
[Round "5.22"]
[White "Valles Mata David"]
[Black "Gil Capape Marco Antonio"]
[Result "1-0"]
[WhiteElo "2184"]
[BlackElo "2059"]

1.d4 Nf6 2.Nf3 d5 3.e3 Bf5 4.Bd3 Qc8 5.c4 dxc4 6.Bxc4 e6 7.Nc3 Nbd7 8.O-O Be7
9.Re1 Ne4 10.Nxe4 Bxe4 11.Nd2 Bg6 12.b3 O-O 13.Bb2 Nf6 14.Rc1 Qd7 15.Nf3 Bh5
16.Be2 Ne4 17.Ne5 Bxe2 18.Qxe2 Qd8 19.Qc2 Qd5 20.Qxc7 Bd6 21.Qc2 Ng5 22.e4 Qa5
23.h4 Bb4 24.Red1 f6 25.Nc4 Nh3+ 26.gxh3 Qh5 27.a3 Be7 28.d5 Qxh4 29.d6 Bd8
30.Qd3 Rc8 31.a4 Rc5 32.Bd4 Rg5+ 33.Kf1 f5 34.e5 f4 35.Ke2 f3+ 36.Kd2 Rg2 37.
Kc3 a6 38.a5 Qxh3 39.Rh1 Rh2 40.Rxh2 Qxh2 41.d7 g5 42.Bc5 Rf5 43.Bb6 Rf8 44.
Qd6 Qf4 45.Qxe6+ Kg7 46.Rd1 g4 47.Bxd8 Rxd8 48.Qe7+ 1-0

[Event "Cto Equipos Aragon 2012 Div. Honor B "]
[Site "Aragon"]
[Date "2012.03.03"]
[Round "5.23"]
[White "Galvez Perez Jose Luis"]
[Black "Solano Lasierra Javier"]
[Result "0-1"]
[WhiteElo "1979"]
[BlackElo "2172"]

1.d4 e6 2.Nf3 d5 3.Bf4 c5 4.e3 Qb6 5.Qc1 Nc6 6.c3 Nf6 7.h3 Bd7 8.Nbd2 Rc8 9.
Qb1 cxd4 10.exd4 Na5 11.a4 Nb3 12.Nxb3 Qxb3 13.Nd2 Qb6 14.a5 Qc6 15.Bd3 Bd6
16.Bxd6 Qxd6 17.O-O Nh5 18.Re1 Nf4 19.Bf1 O-O 20.Nf3 Rfe8 21.g3 Ng6 22.h4 Nf8
23.Re3 f6 24.Qe1 Re7 25.b3 Bc6 26.Rd1 b5 27.axb6 axb6 28.Ra1 Ra8 29.Rxa8 Bxa8
30.Qa1 Qb8 31.Re2 Bc6 32.Bg2 Qa7 33.Qe1 Bb5 34.Re3 Qa6 35.Bh3 Bd7 36.h5 Qa2
37.Nd2 Qb2 38.f4 g6 39.f5 gxf5 40.Bxf5 Rg7 41.Bh3 e5 42.Bg2 e4 43.Qf2 Qc1+ 44.
Nf1 f5 45.Qd2 Qxd2 46.Nxd2 Ne6 47.Nf1 f4 48.Re1 Ng5 49.c4 f3 50.cxd5 fxg2 51.
Kxg2 Bh3+ 52.Kh1 Rf7 53.Nh2 Rf2 54.d6 Bg2+ 55.Kg1 Nh3# 0-1

[Event "Cto Equipos Aragon 2012 Div. Honor B "]
[Site "Aragon"]
[Date "2012.03.03"]
[Round "5.24"]
[White "Pellicer Cemeli Jose Luis"]
[Black "Garcia Lopez Alberto Jose"]
[Result "1-0"]
[WhiteElo "2068"]
[BlackElo "1943"]

1.e4 d6 2.d4 Nf6 3.Nc3 g6 4.Be3 Bg7 5.Qd2 O-O 6.f3 Nbd7 7.Bc4 c6 8.a4 e5 9.
Nge2 Qa5 10.O-O Re8 11.Rad1 Nb6 12.Bb3 Nfd7 13.d5 cxd5 14.Nxd5 Qxd2 15.Rxd2
Nxd5 16.Rxd5 Bf8 17.a5 Nc5 18.Bxc5 dxc5 19.Ba4 Re6 20.Rfd1 b6 21.Bd7 Re7 22.
axb6 axb6 23.Bxc8 Rxc8 24.Ra1 c4 25.Nc3 Ree8 26.Rb5 Ra8 27.Rd1 Ra5 28.Rxa5
bxa5 29.Rd5 Ra8 30.Na4 f6 31.Kf1 Ra6 32.Ke2 Kf7 33.Rd7+ Be7 34.Rc7 f5 35.Rxc4
Bg5 36.Rc7+ Kf6 37.Nc3 a4 38.Nd5+ Ke6 39.Rxh7 1-0

[Event "Cto Equipos Aragon 2012 Div. Honor B "]
[Site "Aragon"]
[Date "2012.03.03"]
[Round "5.25"]
[White "Del Corral Abancens Alfonso"]
[Black "Forcen Esteban Daniel"]
[Result "0-1"]
[WhiteElo "1935"]
[BlackElo "2428"]

1.e4 c5 2.d4 cxd4 3.c3 Nf6 4.e5 Nd5 5.cxd4 d6 6.Nf3 Nc6 7.Be2 dxe5 8.dxe5 Bg4
9.O-O e6 10.Re1 Be7 11.a3 O-O 12.b4 Qc7 13.Bb2 Nf4 14.Bf1 f6 15.exf6 Bxf6 16.
Bxf6 Rxf6 17.Nbd2 Raf8 18.Qc2 Rg6 19.Kh1 Nh3 20.Qc5 Bxf3 21.Nxf3 Rxf3 22.gxf3
Qf4 23.Ra2 Qxf3+ 24.Bg2 0-1

[Event "Cto Equipos Aragon 2012 Div. Honor B "]
[Site "Aragon"]
[Date "2012.03.03"]
[Round "5.26"]
[White "Baron Rodriguez Jesus"]
[Black "Munoz Bornao Miguel Angel"]
[Result "1-0"]
[WhiteElo "2449"]
[BlackElo "1788"]

1.e4 c5 2.Nf3 e6 3.d4 cxd4 4.Nxd4 a6 5.Bd3 Nf6 6.O-O Qc7 7.Nc3 Be7 8.Qe2 d6 9.
f4 Nbd7 10.Nf3 O-O 11.e5 dxe5 12.fxe5 Nd5 13.Nxd5 exd5 14.Bf4 Nc5 15.Kh1 Nxd3
16.Qxd3 Qc4 17.Qd2 Bf5 18.Nd4 Be4 19.c3 Bc5 20.Nb3 Bb6 21.Bg3 Rae8 22.Rae1 Bc7
23.Qd4 Qc6 24.Nd2 Bb6 25.Qb4 Bc5 26.Qb3 Bg6 27.Rf4 Re6 28.Nf3 Qd7 29.Qd1 Rd8
30.Nd4 Ree8 31.Nb3 Bb6 32.Qd2 Bc7 33.Rd4 Bb6 34.Rb4 Ba7 35.a4 Be4 36.Bh4 Rxe5
37.Bxd8 Bxg2+ 38.Kxg2 1-0

[Event "Cto Equipos Aragon 2012 Div. Honor B "]
[Site "Aragon"]
[Date "2012.03.03"]
[Round "5.27"]
[White "Ballonga Arruebo Alejandro"]
[Black "Castillo Sanjuan Alejandro"]
[Result "0-1"]
[WhiteElo "1704"]
[BlackElo "2044"]

1.c4 e5 2.Nc3 g6 3.Nf3 Bg7 4.d4 exd4 5.Nxd4 Nf6 6.e4 d6 7.Be2 O-O 8.Be3 Na6 9.
Nb3 Re8 10.f3 b6 11.Qd2 Nc5 12.Nd4 Ne6 13.h4 Nxd4 14.Bxd4 Be6 15.g4 c6 16.h5
Re7 17.O-O-O Rc8 18.h6 Bh8 19.g5 Ne8 20.Bxh8 Kxh8 21.Kb1 Rd7 22.Qd4+ Kg8 23.f4
Qe7 24.Nd5 cxd5 25.cxd5 Bf5 26.Bb5 Qxe4+ 27.Qxe4 Bxe4+ 28.Ka1 Rdd8 29.Rhe1 Bf5
30.Re7 Kf8 31.Rde1 Be6 32.Rxe8+ Rxe8 33.Bxe8 Rxe8 34.dxe6 fxe6 35.Rc1 e5 36.
fxe5 dxe5 37.Rc7 Re7 38.Rc8+ Kf7 39.Kb1 Ke6 40.Rf8 e4 41.Kc2 Rd7 42.Rg8 e3 43.
Rg7 0-1

[Event "Cto Equipos Aragon 2012 Div. Honor B "]
[Site "Aragon"]
[Date "2012.03.03"]
[Round "5.28"]
[White "Castillo Sanjuan Daniel"]
[Black "Santos Hernandez Higinio"]
[Result "1-0"]
[WhiteElo "2019"]
[BlackElo "1616"]

1.e4 c5 2.Nf3 d6 3.d4 cxd4 4.Nxd4 Nf6 5.Nc3 a6 6.a4 e6 7.Be2 Be7 8.O-O O-O 9.
Be3 Qc7 10.Nb3 b6 11.a5 bxa5 12.Nxa5 Bb7 13.Nxb7 Qxb7 14.Qd2 Nc6 15.Rfd1 a5
16.f4 Rfd8 17.Bf3 Rd7 18.Na4 Bd8 19.g4 Bc7 20.g5 Ne8 21.e5 Ra6 22.Nc5 Qb4 23.
Nxa6 1-0

[Event "Cto Equipos Aragon 2012 Div. Honor B "]
[Site "Aragon"]
[Date "2012.03.03"]
[Round "5.29"]
[White "Colom Sienes Eduardo"]
[Black "Quintin Navarro Alberto"]
[Result "0-1"]
[WhiteElo "2032"]
[BlackElo "2201"]

1.e4 c5 2.Nf3 d6 3.c3 Nf6 4.Bd3 Nc6 5.h3 g6 6.O-O Bg7 7.Bc2 O-O 8.d3 b5 9.Nbd2
Nd7 10.Nb3 a5 11.a4 Ba6 12.axb5 Bxb5 13.Re1 a4 14.Nbd2 a3 15.c4 axb2 16.Rxa8
Qxa8 17.Bxb2 Bxb2 18.cxb5 Nd4 19.Nxd4 Bxd4 20.Bb3 Qb7 21.Bc4 e6 22.Qb1 Ra8 23.
Kf1 Nb6 24.Nf3 Bc3 25.Rc1 Bg7 26.Qc2 Ra3 27.e5 d5 28.Qb2 Ra5 29.Ba2 Na4 30.Qc2
Qxb5 31.Rb1 Qc6 32.Rb8+ Bf8 33.Nd4 Qc7 34.Re8 Qd7 35.Rxf8+ Kxf8 36.Qd2 Ra7 37.
Qh6+ Ke8 38.Qg7 Kd8 39.Qf8+ Kc7 40.Nb3 Kb7 41.Nxc5+ Nxc5 42.Qxc5 Rxa2 43.Qb4+
Ka6 0-1

[Event "Cto Equipos Aragon 2012 Div. Honor B "]
[Site "Aragon"]
[Date "2012.03.03"]
[Round "5.30"]
[White "Gimenez Martinez Alberto"]
[Black "Sanmartin Agustin Alvaro"]
[Result "1-0"]
[WhiteElo "2170"]
[BlackElo "2026"]

1.e4 c5 2.Nf3 d6 3.d4 cxd4 4.Nxd4 Nf6 5.Nc3 Nc6 6.Be2 e6 7.Be3 d5 8.exd5 Nxd5
9.Nxd5 Qxd5 10.Bf3 Qa5+ 11.c3 Ne5 12.Be2 a6 13.O-O Be7 14.f4 Ng6 15.Bf3 O-O
16.Qe2 e5 17.fxe5 Nxe5 18.Be4 Ng4 19.Nf5 Bc5 20.Qxg4 Bxe3+ 21.Kh1 Bxf5 22.Rxf5
Qb6 23.Raf1 f6 24.Rh5 h6 25.Qg6 f5 26.Qxb6 Bxb6 27.Bxb7 Rad8 28.Bxa6 Rd2 29.b4
Rc2 30.Rhxf5 Rxf5 31.Rxf5 Bf2 32.Bc4+ Kh7 33.Bf1 Be1 34.Bd3 Rxc3 35.Re5+ Kg8
36.Rxe1 Rxd3 37.Rb1 1-0

[Event "Cto Equipos Aragon 2012 Div. Honor B "]
[Site "Aragon"]
[Date "2012.03.03"]
[Round "5.31"]
[White "Sacristan Latorre Alberto"]
[Black "Labena Bernal Antonio"]
[Result "1-0"]
[WhiteElo "1989"]
[BlackElo "2095"]

1.e4 e5 2.Nf3 Nc6 3.d4 exd4 4.Nxd4 Bc5 5.Be3 Qf6 6.c3 Nge7 7.Bc4 Ne5 8.Be2 Qg6
9.O-O d6 10.Nd2 Bh3 11.Bf3 O-O 12.Kh1 Nxf3 13.Qxf3 Bd7 14.b4 Bb6 15.a4 Nc6 16.
a5 Ne5 17.Qe2 Bxd4 18.cxd4 Ng4 19.Rac1 c6 20.f3 Nh6 21.Nc4 Rfe8 22.Qd2 Re6 23.
g4 Kh8 24.d5 cxd5 25.exd5 Re7 26.Bg5 Ree8 27.h4 f6 28.h5 Qxg5 29.Qxg5 fxg5 30.
Nxd6 Re5 31.Rfd1 Ba4 32.Rd3 Rd8 33.Rc8 Rxc8 34.Nxc8 Nf7 35.Nxa7 Nd6 36.Ra3 Bd7
37.Rd3 Re8 38.Nc6 Nc4 39.Nd4 Re3 40.Rd1 Nd6 41.Rc1 Nb5 42.Nxb5 Bxb5 43.Rc5 Ba4
44.Rc8+ Re8 45.Rc7 Bb3 46.d6 Rd8 47.d7 Bg8 48.b5 h6 49.Rxb7 Be6 50.a6 Bd5 51.
Rc7 Kh7 52.b6 Bxf3+ 53.Kh2 Bxg4 54.b7 1-0

[Event "Cto Equipos Aragon 2012 Div. Honor B "]
[Site "Aragon"]
[Date "2012.03.03"]
[Round "5.32"]
[White "Arregui Untoria Carlos"]
[Black "Palacios Herrero Pablo"]
[Result "1-0"]
[WhiteElo "2080"]
[BlackElo "1901"]

1.d4 e6 2.Nf3 Nf6 3.c4 c5 4.e3 d5 5.Nc3 Nc6 6.cxd5 exd5 7.g3 Bg4 8.Bg2 Be7 9.
O-O O-O 10.h3 Bh5 11.g4 Bg6 12.Ne5 cxd4 13.exd4 Bb4 14.Bg5 Bxc3 15.bxc3 Qc7
16.Bxf6 gxf6 17.Nxg6 hxg6 18.Qb3 Rad8 19.Rfe1 Rd7 20.Rad1 Na5 21.Qa4 a6 22.Rd3
b5 23.Qc2 Nc4 24.h4 Qf4 25.h5 g5 26.Rf3 Qxg4 27.Rxf6 Rd6 28.Rxd6 Nxd6 29.Re5
Nc4 30.Re7 Rd8 31.h6 Qh5 32.Bxd5 Qxh6 33.Qf5 Nd6 34.Qf3 Qf8 35.Re5 Qh6 36.Qg3
Re8 37.Rxg5+ Kh8 38.Kf1 Qh7 39.Qxd6 Qh3+ 40.Bg2 Qd3+ 41.Kg1 Re1+ 42.Kh2 Qh7+
43.Bh3 1-0

[Event "Cto Equipos Aragon 2012 Preferente A"]
[Site "Aragon"]
[Date "2012.03.03"]
[Round "5.33"]
[White "Dominguez Bujeda Jesus"]
[Black "Lana Rodriguez David"]
[Result "0-1"]
[WhiteElo "2127"]
[BlackElo "2243"]

1.d4 d5 2.c4 e6 3.Nc3 Nf6 4.cxd5 exd5 5.Bg5 Be7 6.e3 O-O 7.Bd3 c6 8.Qc2 Nbd7
9.Nf3 Re8 10.h3 Nf8 11.Bf4 Ng6 12.Bh2 Bd6 13.Bxd6 Qxd6 14.O-O-O a5 15.Kb1 b5
16.Rc1 Bd7 17.g4 a4 18.g5 Nh5 19.Ne2 b4 20.Qc5 Qb8 21.Ka1 a3 22.b3 Rc8 23.Bxg6
hxg6 24.Ne5 Ra7 25.Ng1 Be8 26.Nd3 Rb7 27.Nf3 Rb5 28.Qc2 Bd7 29.Nc5 Bf5 30.Qd1
Qd6 31.h4 Qe7 32.Rg1 Kh7 33.Qf1 f6 34.Ne1 Rf8 35.Ned3 Rc8 36.Qe2 Ra8 37.Qd2
Rab8 38.Na6 R8b6 39.Nac5 Qe8 40.Na4 Rb8 41.Rc5 Qe4 42.Rxb5 Rxb5 43.Nac5 Qxh4
44.f4 Rb8 45.Na6 Re8 46.Naxb4 Qh3 47.Nc2 Bxd3 48.Qxd3 Nxf4 49.Qd1 Nh5 50.Rh1
Qe6 51.Qd3 f5 52.Nxa3 Qxe3 53.Qxe3 Rxe3 54.Nc2 Re8 55.Nb4 Rc8 56.Nd3 Kg8 57.
Ne5 Ng3 58.Rc1 Ne2 59.Rxc6 Re8 60.Nf3 Re3 61.Rc2 f4 62.b4 Nc3 63.Ne5 f3 64.Rf2
Re1+ 65.Kb2 Nd1+ 0-1

[Event "Cto Equipos Aragon 2012 Preferente A"]
[Site "Aragon"]
[Date "2012.03.03"]
[Round "5.34"]
[White "Navarro Alonso Jorge"]
[Black "Martin Catalan Juan Vicente"]
[Result "1-0"]
[WhiteElo "2154"]
[BlackElo "2105"]

1.e4 c5 2.Nc3 Nc6 3.Nf3 g6 4.d4 cxd4 5.Nxd4 Bg7 6.Be3 Nf6 7.Bc4 O-O 8.Bb3 d6
9.f3 Bd7 10.Qd2 Qa5 11.O-O-O Rfc8 12.Kb1 Ne5 13.h4 h5 14.Bg5 Qd8 15.Nd5 Nxd5
16.Bxd5 Nc6 17.c3 Qc7 18.g4 Nxd4 19.cxd4 Be6 20.Bxe6 fxe6 21.gxh5 gxh5 22.Rhg1
Kf7 23.f4 Rh8 24.e5 Bh6 25.f5 Bxg5 26.Qxg5 Rag8 27.fxe6+ 1-0

[Event "Cto Equipos Aragon 2012 Preferente A"]
[Site "Aragon"]
[Date "2012.03.03"]
[Round "5.36"]
[White "Montes Santos Lorenzo"]
[Black "Barcena Laguia Francisco"]
[Result "1-0"]
[WhiteElo "2035"]
[BlackElo "1922"]

1.Nf3 c5 2.c4 Nf6 3.d4 cxd4 4.Nxd4 g6 5.Nc3 Bg7 6.g3 O-O 7.Bg2 Nc6 8.O-O Nxd4
9.Qxd4 d6 10.Qd2 Qc7 11.b3 a6 12.Bb2 Bd7 13.e4 Bc6 14.Nd5 Bxd5 15.exd5 Nd7 16.
Bxg7 Kxg7 17.h4 h5 18.Rfe1 Ne5 19.Rac1 Rae8 20.Qd4 Kg8 21.c5 Qa5 22.Re2 Qb5
23.Rec2 Nd3 24.Bf1 Ne5 25.Kg2 Qd7 26.c6 bxc6 27.dxc6 Qf5 28.Rc3 Rc8 29.f4 Ng4
30.Bxa6 Ra8 31.c7 Rxa6 32.c8=Q Rxa2+ 33.Kg1 1-0